000 01210nam0a22002771 4500
001 rc\4769903
005 20250613080611.0
021 _aRU
_b[61-16671]
035 _a(NLR Aleph) 009022517
090 _a9437382
_c9437382
100 _a20130417d1961 |||y0rusy50 ca
101 0 _arus
102 _aRU
105 _ay z |||||
200 1 _aНовый отвердитель эпоксидных смол
210 _aЛенинград
_cБ. и.
_d1961
215 _a13 с.
_cграф.
_d22
225 1 _a[Навстречу XXII съезду КПСС]
_fЛенингр. отд-ние О-ва по распространению полит. и науч. знаний РСФСР. Ленингр. дом науч.-техн. пропаганды
_i[Обмен передовым опытом]
_iСерия "Синтетические материалы"
_vВып. 1
606 _aСмолы эпоксидные
_xОтверждение
_2psbo
700 1 _aМолотков
_bР.В.
_gРоман Васильевич
701 1 _aКазанская
_bВ.Ф.
_gВиктория Федоровна
801 0 _aRU
_bNLR
_gpsbo
801 1 _aRU
_bELAR
_2rusmarc
852 _aNLR
_j61-6/2515
942 _cBOOK
980 _aNB